000 00991cam a22002775a 4500
999 _c27422
_d27393
005 20190520102808.0
008 030226t2003 nhua grb 001 0 eng d
020 _a1578082846
020 _a157808010X
020 _a9781578082841
040 _aDLC
_beng
_cDLC
_dDLC
_dEG-ScBUE
_dEG-ScBUE
082 0 4 _a660.6
_bBIO
_222
245 0 0 _aBiomaterials and bioprocessing /
_ceditors Milton Fingermnan, Rachakonda Nagabhushanam.
260 _aEnfield, NH ;
_aPlymouth, UK :
_bScience Publishers,
_cc.2003.
300 _ax, 385 p. :
_bill. (some col.) ;
_c24 cm.
490 0 _aRecent Advances in Marine Biotechnology ;
_vv. 9
504 _aIncludes bibliographical references and index.
650 7 _aMarine biotechnology.
_2BUEsh
650 7 _aBiopolymers.
_2BUEsh
_940064
650 7 _aBiochemical engineering.
_2BUEsh
_919460
651 _2BUEsh
653 _bENGCHE
_cApril2019
700 1 _aFingerman, Milton,
_d1928-
_teditor.
700 1 _aNagabhushanam, Rachakonda,
_teditor.
942 _2ddc